Ελληνική εποποιία 1940-1941
Αποθηκεύτηκε σε:
| Κύριος συγγραφέας: | |
|---|---|
| Μορφή: | Βιβλίο |
| Γλώσσα: | Greek |
| Δημοσίευση: |
Αθήνα :
Εστία,
1999.
|
| Έκδοση: | 3η έκδ. |
| Θέματα: | |
| Ετικέτες: |
Προσθήκη ετικέτας
Δεν υπάρχουν, Καταχωρήστε ετικέτα πρώτοι!
|
MARC
| LEADER | 00000cam a2200000 i 4500 | ||
|---|---|---|---|
| 001 | 1/2675 | ||
| 008 | 941103s1999 gr | |||| ||| | gre|| | ||
| 020 | |a 9600508712 | ||
| 035 | |a 1990 |l 10060524 | ||
| 040 | |a GR-MY-UA |b gre |e aacr | ||
| 041 | 0 | |a gre | |
| 082 | 7 | |a 938.75 |2 (22) | |
| 100 | 1 | |a Τερζάκης, Άγγελος, |d 1907-1979. | |
| 245 | 1 | 0 | |a Ελληνική εποποιία 1940-1941 / |c Άγγελου Τερζάκη. |
| 250 | |a 3η έκδ. | ||
| 260 | |a Αθήνα : |b Εστία, |c 1999. | ||
| 300 | |a 222 σ. ; |c 24 εκ. | ||
| 651 | 0 | |a Greece |x History |y 1917-1944. | |
| 852 | |a INST |b LESVOS |e 20000511 |h 938.75 ΤΕΡ |p 005100020160 |q 005100020160 |t BK |y 0 | ||
| 852 | |a INST |b SAMOS |e 19941103 |h 938.75 ΤΕΡ |p 005300000424 |q 005300000424 |t BK |y 0 | ||
| 901 | |a BIBL1-2000-2 | ||
| 909 | |a Σ |b 020412 | ||
| 909 | |a Λ |b 077758 | ||
| 922 | |a 1ΕΛΗ |b 200004 |c ΚΠΣ/ΤΚΑ |d ΠΑΠΑΣΩΤΗΡΙΟΥ | ||
| 950 | |a 023-1999-12-02 | ||